000 00545nam a22001817a 4500
005 20251108173259.0
008 250721s2006 xx 000 0 ara d
082 1 4 _a153.42/أوش
100 1 _aأوشو،
245 1 0 _aتأملات قبل النوم يوما بعد يوم /
264 1 _aلبنان :
_bدار الخيال للطباعة والنشر والتوزيع،
_c2006.
300 _a384ص.
650 1 7 _aالتأمل
650 1 7 _aالنوم
700 1 _aحيدر، صفوان
_etran.
942 _2ddc
_cBK
999 _c100239
_d100239